000 00881cam a2200229 4500
001 ABS63802
008 000000n2001 000 0 eng u
035 _a(Sirsi) u112248
100 _aLewis, L.
245 _aDon't get caught by foot and mouth
260 _c2001
490 _aBuilding
_v266(8180) 12 April 2001, 43-43(2)
520 _aComments on the effect foot and mouth is having on construction projects in the countryside. Looks at the different ways in which certain building contracts have defined the uncontrollable circumstances (like war or floods) that affects the performance of either party.
590 _aABS
650 _aFOOT-AND-MOUTH DISEASE
650 _aBUILT ENVIRONMENT-BUILDING CONTRACT FORMS
650 _aPFI
650 _aICE CONDITIONS OF CONTRACT
650 _aNEC
690 _aBUILT ENVIRONMENT-BUILDING CONTRACT FORMS
942 _n0
999 _c66839
_d66839